[Event "AUT-ch U12"]
[White "Ruescher, Anton"]
[Black "Schinwald, Florian"]
[Site "Fuerstenfeld"]
[Round "7"]
[Result "1/2-1/2"]
[Date "2024.06.02"]
[WhiteElo "1385"]
[BlackElo "1522"]
[PlyCount "49"]
[EventDate "2024.05.30"]
[EventType "swiss"]
[EventRounds "7"]
[EventCountry "AUT"]
[SourceTitle "CBM 220 Extra"]
[Source "ChessBase"]
[SourceDate "2024.07.31"]
[SourceVersion "1"]
[SourceVersionDate "2024.07.31"]
[SourceQuality "1"]

1. Nf3 d5 2. g3 Nf6 3. Bg2 Nc6 4. 0-0 e5 5. d3 Bc5 6. Nbd2 Bf5 7. Re1 Bxf2+ 8. Kh1 Bxe1 9. Qxe1 Bg6 10. Nf1 Qe7 11. Qd1 Ng4 12. Be3 0-0-0 13. Bg1 f5 14. c3 Rhf8 15. b4 e4 16. Ne1 e3 17. a4 f4 18. Nf3 Nf2+ 19. Bxf2 exf2 20. b5 Ne5 21. Nd4 Ng4 22. Qb3 fxg3 23. Nc6 Qh4 24. Nxa7+ Kb8 25. Nc6+ 1/2-1/2

[Event "AUT-ch U12"]
[White "Ruescher, Anton"]
[Black "Pleimer, Noah"]
[Site "Fuerstenfeld"]
[Round "1"]
[Result "0-1"]
[Date "2024.05.30"]
[WhiteElo "1385"]
[BlackElo "1836"]
[PlyCount "114"]
[EventDate "2024.05.30"]
[EventType "swiss"]
[EventRounds "7"]
[EventCountry "AUT"]
[SourceTitle "CBM 220 Extra"]
[Source "ChessBase"]
[SourceDate "2024.07.31"]
[SourceVersion "1"]
[SourceVersionDate "2024.07.31"]
[SourceQuality "1"]

1. d4 Nf6 2. Nf3 d5 3. Bf4 Bf5 4. e3 e6 5. c4 Bxb1 6. Rxb1 Bb4+ 7. Nd2 Ne4 8. Qa4+ Nc6 9. Rd1 Nxd2 10. Rxd2 Bxd2+ 11. Kxd2 0-0 12. c5 a6 13. Bd3 Qe7 14. a3 e5 15. Bg3 exd4 16. exd4 Rfe8 17. Bf4 Qf6 18. Be3 Re6 19. Rf1 Rae8 20. g4 h6 21. Kc1 Qf3 22. Qd1 Qxd1+ 23. Rxd1 Kf8 24. Kd2 Na5 25. Bf4 R8e7 26. h4 Ke8 27. g5 hxg5 28. hxg5 Kd8 29. Rh1 Nc6 30. Be3 g6 31. Rh3 Re8 32. Rh7 Rf8 33. b4 Ke7 34. f4 Kd8 35. f5 gxf5 36. Bxf5 Re7 37. Bd3 Rfe8 38. Bf2 Kc8 39. Rh3 Kb8 40. Kc3 Rg8 41. Be3 Nd8 42. a4 Ne6 43. Rg3 Rg7 44. b5 axb5 45. axb5 Re8 46. Bf5 Nxg5 47. Bf4 Ne4+ 48. Bxe4 Rxg3+ 49. Bxg3 Rxe4 50. Kd3 Re8 51. b6 Kc8 52. Bxc7 Kd7 53. Be5 Kc6 54. Kc3 Rxe5 55. dxe5 Kxc5 56. Kd3 Kxb6 57. Ke3 Kc5 0-1